Seconds out (Record no. 80341)

MARC details
000 -LEADER
fixed length control field 00883cab a22001935a 4500
001 - CONTROL NUMBER
control field L144104
008 - FIXED-LENGTH DATA ELEMENTS--GENERAL INFORMATION
fixed length control field 080618e20080613xxk f 000 0 eng d
035 ## - SYSTEM CONTROL NUMBER
System control number (Sirsi) u144104
041 0# - LANGUAGE CODE
Language code of text/sound track or separate title eng
100 1# - MAIN ENTRY--PERSONAL NAME
Personal name Dear, Bruce
245 00 - TITLE STATEMENT
Title Seconds out
260 ## - PUBLICATION, DISTRIBUTION, ETC.
Date of publication, distribution, etc. 2008
490 #0 - SERIES STATEMENT
Series statement Property Week
Volume/sequential designation 73(24) 13 June 2008, 62-63(2)
520 ## - SUMMARY, ETC.
Summary, etc. Notes that commercial leases can become a battleground between landlord and tenant in harsh market conditions. Provides practical advice on key lease provisions which may become bones of contention: shedding surplus space, services charges and rents. Provides a checklist of points to consider with regard to service charges. Refers to relevant case law.
590 ## - LOCAL NOTE (RLIN)
Local note KA
651 #4 - SUBJECT ADDED ENTRY--GEOGRAPHIC NAME
Geographic name United Kingdom
Chronological subdivision
690 ## - LOCAL SUBJECT ADDED ENTRY--TOPICAL TERM (OCLC, RLIN)
Topical term or geographic name as entry element PROPERTY-COMMERCIAL PROPERTY-LEASEHOLD COMMERCIAL PROPERTY-COMMERCIAL LANDLORD AND TENANT-COMMERCIAL LEASES
942 ## - ADDED ENTRY ELEMENTS (KOHA)
Suppress in OPAC 0
Holdings
Withdrawn status Lost status Source of classification or shelving scheme Damaged status Not for loan Home library Current library Shelving location Date acquired Total Checkouts Full call number Barcode Date last seen Copy number Price effective from Koha item type
    Dewey Decimal Classification     London London Journal article 18/06/2008   L144104 144104-1001 06/08/2019 1 06/08/2019 Journal article